Statistics for Countries by First Two Letters in 30 Seconds

Click here to take the quiz!

General Stats

  • This quiz has been taken 277 times
    (263 since last reset)
  • The average score is 72 of 196

Answers on the Map

Answers color-coded by a green-red scale on the quiz's map according to % correct below.
 

Answer Stats

country% Correct
United Arab Emirates
90%
United Kingdom
90%
United States
90%
Cabo Verde
88%
Cambodia
88%
Cameroon
88%
Canada
88%
Chad
87%
Chile
87%
China
87%
Russia
82%
Brazil
78%
Brunei
78%
Democratic Republic
of the Congo
78%
Solomon Islands
71%
Somalia
71%
South Africa
71%
South Korea
71%
South Sudan
71%
Mexico
70%
Australia
66%
Austria
66%
Moldova
64%
Monaco
64%
Mongolia
64%
Montenegro
64%
Morocco
64%
Mozambique
64%
India
60%
Indonesia
60%
Argentina
59%
Armenia
59%
North Korea
57%
Norway
57%
Republic of the Congo
57%
Colombia
55%
Comoros
55%
Costa Rica
55%
Cote d'Ivoire
55%
Macedonia
55%
Madagascar
55%
Malawi
55%
Malaysia
55%
Maldives
55%
Mali
55%
Malta
55%
Marshall Islands
55%
Mauritania
55%
Mauritius
55%
France
53%
Saint Kitts and Nevis
53%
Saint Lucia
53%
Saint Vincent and the
Grenadines
53%
Samoa
53%
San Marino
53%
São Tomé and Príncipe
53%
Saudi Arabia
53%
Georgia
51%
Germany
51%
Iran
51%
Iraq
51%
Ireland
51%
Denmark
50%
Albania
47%
Algeria
47%
Pakistan
47%
Palau
47%
Panama
47%
Papua New Guinea
47%
Paraguay
47%
Bolivia
45%
Bosnia and
Herzegovina
45%
Botswana
45%
Swaziland
45%
Sweden
45%
Switzerland
45%
Kazakhstan
44%
Spain
44%
Belarus
43%
Belgium
43%
Belize
43%
Benin
43%
Poland
42%
Portugal
42%
Andorra
40%
Angola
40%
Antigua and Barbuda
40%
Bahamas
39%
Bahrain
39%
Bangladesh
39%
Barbados
39%
Nepal
38%
Netherlands
38%
New Zealand
38%
Peru
37%
Liberia
35%
Libya
35%
Liechtenstein
35%
Lithuania
35%
Nicaragua
34%
Niger
34%
Nigeria
34%
Sudan
34%
Suriname
34%
Tunisia
34%
Turkey
34%
Turkmenistan
34%
Tuvalu
34%
Guatemala
31%
Guinea
31%
Guinea-Bissau
31%
Guyana
31%
Myanmar
31%
Italy
30%
Jamaica
30%
Japan
30%
Cuba
29%
Fiji
29%
Finland
29%
Bulgaria
27%
Burkina Faso
27%
Burundi
27%
Venezuela
27%
Egypt
26%
Iceland
26%
Uruguay
25%
Ukraine
24%
Namibia
21%
Nauru
21%
Laos
20%
Latvia
20%
Taiwan
20%
Tajikistan
20%
Tanzania
20%
Ecuador
19%
Senegal
19%
Serbia
19%
Seychelles
19%
Greece
18%
Grenada
18%
Romania
18%
Central African Republic
17%
Federated States of
Micronesia
17%
Honduras
17%
Bhutan
16%
Dominica
16%
Dominican Republic
16%
Ethiopia
16%
Slovakia
16%
Slovenia
16%
Estonia
15%
Philippines
15%
Kenya
14%
El Salvador
13%
Haiti
13%
Thailand
13%
Trinidad and Tobago
13%
Afghanistan
11%
Azerbaijan
11%
Croatia
10%
Czechia
10%
Gabon
10%
Gambia
10%
Kyrgyzstan
10%
Oman
10%
Sierra Leone
10%
Singapore
10%
Uzbekistan
10%
Vanuatu
10%
Vatican City
10%
Vietnam
10%
Zambia
10%
Eritrea
9%
Hungary
9%
Kiribati
9%
Sri Lanka
9%
Timor-Leste
9%
Yemen
9%
Ghana
8%
Lebanon
8%
Lesotho
8%
Togo
8%
Tonga
8%
Zimbabwe
8%
Djibouti
7%
Kosovo
7%
Luxembourg
7%
Cyprus
6%
Israel
6%
Uganda
6%
Equatorial Guinea
5%
Rwanda
5%
Kuwait
4%
Qatar
4%
Jordan
3%
Syria
2%

Score Distribution

Percentile by Number Answered

Percent of People with Each Score

Your Score History

You have not taken this quiz since the last reset